[Event "Caracas Hernandez Cup"]
[Site "Caracas"]
[Date "2014.10.09"]
[Round "3"]
[White "Vergara Duplaquet, Pablo Alejandro"]
[Black "Abatantuono Lattarulo, Giuseppe"]
[Result "1-0"]
[WhiteElo "2100"]
[BlackElo "2091"]
[PlyCount "117"]
[EventDate "2014.10.08"]
[EventType "swiss"]
[EventRounds "9"]
[EventCountry "VEN"]
[SourceTitle "EXT 2016"]
[Source "ChessBase"]
[SourceDate "2015.10.08"]
[SourceVersion "1"]
[SourceVersionDate "2015.10.08"]
[SourceQuality "1"]

1. e4 g6 2. d4 Bg7 3. Nc3 d6 4. f4 Nf6 5. Nf3 0-0 6. Be2 Na6 7. 0-0 c5 8. d5 Nc7 9. a4 a6 10. Kh1 e6 11. Bc4 exd5 12. exd5 Bd7 13. a5 Nb5 14. Bd2 Rc8 15. Na4 Nd4 16. Nb6 Nxf3 17. Rxf3 Rc7 18. Nxd7 Rxd7 19. c3 Ne4 20. Be1 f5 21. Rf1 Bf6 22. Bd3 Re7 23. Bc2 b5 24. axb6 Qxb6 25. Ra2 Qb5 26. Bd3 c4 27. Bc2 Qb6 28. Ba4 Rb8 29. Bc6 h5 30. Qa4 Qe3 31. Qxc4 Nd2 32. Bxd2 Qxd2 33. b4 Qxc3 34. Qxa6 Qxb4 35. Re2 Re4 36. Ref2 h4 37. h3 Re7 38. Qd3 Bd4 39. Re2 Bf6 40. Re6 Rxe6 41. dxe6 Be7 42. Bd5 Qc5 43. Rd1 Rb2 44. Rg1 Qb5 45. Bc4 Qc5 46. Bd5 Qb5 47. Qd1 Qc5 48. Qa1 Rb8 49. Rd1 Qe3 50. Qa4 Qe2 51. Bf3 Qb5 52. Qa7 Qe8 53. Rc1 Kf8 54. Rc7 Rc8 55. Rd7 g5 56. fxg5 Qg6 57. Qa1 Kg8 58. Bd5 Kh7 59. Qf6 1-0

[Event "Caracas Bandes Cup 1st"]
[Site "Caracas"]
[Date "2014.03.02"]
[Round "4"]
[White "Ramirez Marino, Richard Daniel"]
[Black "Vergara Duplaquet, Pablo Alejandro"]
[Result "1-0"]
[WhiteElo "2031"]
[BlackElo "2118"]
[PlyCount "77"]
[EventDate "2014.03.01"]
[EventType "swiss"]
[EventRounds "7"]
[EventCountry "VEN"]
[SourceTitle "EXT 2018"]
[Source "ChessBase"]
[SourceDate "2017.10.13"]
[SourceVersion "1"]
[SourceVersionDate "2017.10.13"]
[SourceQuality "1"]

1. Nf3 c5 2. c4 Nf6 3. g3 d5 4. cxd5 Nxd5 5. Nc3 Nc6 6. Bg2 e6 7. 0-0 Be7 8. Nxd5 exd5 9. d4 c4 10. Ne5 Nxe5 11. dxe5 Be6 12. e4 d4 13. f4 Qc7 14. f5 Bd7 15. Bf4 Qb6 16. Rc1 Rc8 17. e6 fxe6 18. Qh5+ Kd8 19. Qf7 exf5 20. exf5 Qb5 21. Qxg7 Re8 22. Rce1 Qc5 23. Re5 Qb4 24. a3 Qxb2 25. Rxe7 Rxe7 26. Bg5 Qe2 27. Bf3 Qe3+ 28. Kg2 Bc6 29. Bxc6 Rxc6 30. Qh8+ Kc7 31. Bxe3 dxe3 32. Rd1 Kb6 33. Qd8+ Rec7 34. f6 Ka6 35. Rd6 Rxd6 36. Qxd6+ Rc6 37. Qxc6+ bxc6 38. f7 c3 39. f8Q 1-0

[Event "Bachaquero op"]
[Site "Bachaquero"]
[Date "2012.11.17"]
[Round "6"]
[White "Vergara Duplaquet, Pablo Alejandro"]
[Black "Ortega Amarelle, Mariano"]
[Result "0-1"]
[WhiteElo "2086"]
[BlackElo "2466"]
[PlyCount "100"]
[EventDate "2012.11.15"]
[EventType "swiss"]
[EventRounds "7"]
[EventCountry "VEN"]
[SourceTitle "EXT 2014"]
[Source "ChessBase"]
[SourceDate "2013.11.20"]
[SourceVersion "1"]
[SourceVersionDate "2013.11.20"]
[SourceQuality "1"]

1. e4 c5 2. Nf3 e6 3. d4 cxd4 4. Nxd4 a6 5. Be2 Nf6 6. Nc3 d6 7. 0-0 Be7 8. f4 Qc7 9. Kh1 Nc6 10. Nb3 b5 11. a3 Bb7 12. Bd3 0-0 13. Qe1 Rac8 14. Bd2 Nd7 15. Qg3 Kh8 16. Rae1 Qd8 17. Qh3 e5 18. f5 Bg5 19. Be3 Bxe3 20. Rxe3 Nd4 21. Ree1 Nxb3 22. cxb3 Qf6 23. b4 Rfd8 24. Qe3 Rc7 25. Bc2 Qh4 26. Rf3 Qe7 27. Bb3 Nf6 28. h3 Rxc3 29. bxc3 Bxe4 30. Rff1 Qb7 31. Rf2 Rc8 32. Kh2 Qc7 33. Rc1 d5 34. Rff1 h6 35. g4 Nh7 36. Rfd1 Rd8 37. Kg3 Nf6 38. Kh2 Rd6 39. a4 bxa4 40. Bxa4 Qe7 41. Kg3 Kh7 42. Bc2 d4 43. Qe2 Bxc2 44. Rxc2 dxc3 45. Re1 e4 46. Kg2 Rd3 47. Qf2 Qxb4 48. Qf4 Nd5 49. Qxe4 Qxe4+ 50. Rxe4 Rd2+ 0-1

[Event "San Cristobal Bolivar op 1st"]
[Site "San Cristobal"]
[Date "2012.09.28"]
[Round "7"]
[White "Sanchez Liecano, Sebastian Felipe"]
[Black "Vergara Duplaquet, Pablo Alejandro"]
[Result "1-0"]
[WhiteElo "2269"]
[BlackElo "2097"]
[PlyCount "45"]
[EventDate "2012.09.25"]
[EventType "swiss"]
[EventRounds "10"]
[EventCountry "VEN"]
[SourceTitle "EXT 2013"]
[Source "ChessBase"]
[SourceDate "2012.11.22"]
[SourceVersion "1"]
[SourceVersionDate "2012.11.22"]
[SourceQuality "1"]

1. e4 e5 2. Nf3 d6 3. d4 Qe7 4. Nc3 c6 5. Bc4 b5 6. Bb3 a6 7. a4 b4 8. Ne2 Bg4 9. dxe5 Bxf3 10. exd6 Qxe4 11. gxf3 Qxf3 12. 0-0 Kd7 13. Ng3 Qxd1 14. Rxd1 f6 15. Ne4 Kd8 16. Be3 Nd7 17. Be6 Nh6 18. Nc5 Ra7 19. Nxd7 Rxd7 20. Bb6+ Ke8 21. Bc7 Nf7 22. c4 Nd8 23. Bh3 1-0

[Event "San Cristobal Bolivar op 1st"]
[Site "San Cristobal"]
[Date "2012.09.28"]
[Round "6"]
[White "Vergara Duplaquet, Pablo Alejandro"]
[Black "Cori Tello, Deysi Estella"]
[Result "0-1"]
[WhiteElo "2097"]
[BlackElo "2407"]
[PlyCount "49"]
[EventDate "2012.09.25"]
[EventType "swiss"]
[EventRounds "10"]
[EventCountry "VEN"]
[SourceTitle "EXT 2013"]
[Source "ChessBase"]
[SourceDate "2012.11.22"]
[SourceVersion "1"]
[SourceVersionDate "2012.11.22"]
[SourceQuality "1"]

1. Nf3 f5 2. g3 Nf6 3. c4 g6 4. b3 Bg7 5. Bg2 d6 6. d4 c6 7. Nbd2 0-0 8. Bb2 h6 9. h4 e5 10. e3 f4 11. Qc2 e4 12. gxf4 exf3 13. Bxf3 Bf5 14. Qc3 d5 15. 0-0-0 Nbd7 16. h5 gxh5 17. Rdg1 Qe8 18. Ba3 c5 19. Rxg7+ Kxg7 20. dxc5 Kh7 21. Kb2 Be4 22. cxd5 Bxf3 23. Nxf3 Qe4 24. Rh3 Qxd5 25. Qd2 0-1

[Event "Acarigua Arteaga 1st"]
[Site "Acarigua"]
[Date "2012.06.16"]
[Round "6"]
[White "Vergara Duplaquet, Pablo Alejandro"]
[Black "Acosta Villarroel, Lorner Justus"]
[Result "1/2-1/2"]
[WhiteElo "2107"]
[BlackElo "2146"]
[PlyCount "76"]
[EventDate "2012.06.14"]
[EventType "swiss"]
[EventRounds "7"]
[EventCountry "VEN"]
[SourceTitle "EXT 2022"]
[Source "ChessBase"]
[SourceDate "2021.10.06"]
[SourceVersion "1"]
[SourceVersionDate "2021.10.06"]
[SourceQuality "1"]

1. d4 d5 2. Nf3 Nf6 3. c4 e6 4. Nc3 Nbd7 5. e3 c6 6. Qc2 Bd6 7. Bd3 dxc4 8. Bxc4 e5 9. 0-0 0-0 10. Rd1 exd4 11. Nxd4 Qc7 12. h3 Ne5 13. Be2 Re8 14. b3 a6 15. Bb2 Bf8 16. Rac1 b5 17. Nf3 Ng6 18. a4 Qb6 19. Nb1 c5 20. axb5 axb5 21. Bxf6 Qxf6 22. Bxb5 Bf5 23. Qc3 Ne5 24. Nbd2 Nxf3+ 25. Nxf3 Qxc3 26. Rxc3 Red8 27. Rdc1 Rab8 28. Bc4 Rb7 29. Ne1 g6 30. g4 Be4 31. f3 Bc6 32. R3c2 Rbd7 33. Kf2 Bb7 34. Ke2 Re7 35. e4 Kg7 36. Bd5 f5 37. Kf2 fxe4 38. fxe4 Bxd5 1/2-1/2

[Event "Acarigua Arteaga 1st"]
[Site "Acarigua"]
[Date "2012.06.15"]
[Round "4"]
[White "Moreno Hernandez, Juan Jose"]
[Black "Vergara Duplaquet, Pablo Alejandro"]
[Result "0-1"]
[WhiteElo "1970"]
[BlackElo "2107"]
[PlyCount "114"]
[EventDate "2012.06.14"]
[EventType "swiss"]
[EventRounds "7"]
[EventCountry "VEN"]
[SourceTitle "EXT 2022"]
[Source "ChessBase"]
[SourceDate "2021.10.06"]
[SourceVersion "1"]
[SourceVersionDate "2021.10.06"]
[SourceQuality "1"]

1. e4 c6 2. d4 d5 3. exd5 cxd5 4. Nf3 Nc6 5. c4 Nf6 6. Nc3 Bg4 7. cxd5 Nxd5 8. Be2 e6 9. h3 Bh5 10. a3 Be7 11. 0-0 0-0 12. Ne4 Rc8 13. Ng3 Bg6 14. Bd2 Qb6 15. Bc3 Rfd8 16. Bd3 Nxc3 17. bxc3 Na5 18. Bxg6 hxg6 19. Qd3 Nc4 20. Rfb1 Qc7 21. a4 b6 22. Qe2 Na5 23. Ne4 Rd5 24. g3 Nc4 25. Rb5 Qd8 26. Kg2 a6 27. Rb3 Rc6 28. Ned2 Na5 29. Rb2 Qc8 30. Rab1 Bd8 31. Ne4 Rc4 32. Rb4 Rxb4 33. cxb4 Nc6 34. Rc1 Qb7 35. Qc4 Ne7 36. b5 axb5 37. axb5 Nf5 38. Qc6 Qe7 39. Rc4 f6 40. Ra4 Kh7 41. Ned2 Nd6 42. Nc4 Nxc4 43. Qxc4 Qd7 44. Qc6 Qe7 45. Qc4 g5 46. Qd3+ g6 47. Qc4 Kg7 48. Ra2 Kf7 49. Re2 Qd7 50. Rb2 Rd6 51. Rc2 Qb7 52. Qd3 Qd5 53. Qc4 Qb7 54. Re2 f5 55. g4 Bf6 56. Rd2 fxg4 57. hxg4 Qe4 0-1

[Event "Acarigua Arteaga 1st"]
[Site "Acarigua"]
[Date "2012.06.15"]
[Round "3"]
[White "Vergara Duplaquet, Pablo Alejandro"]
[Black "Gonzalez, Delvy"]
[Result "0-1"]
[WhiteElo "2107"]
[BlackElo "2152"]
[PlyCount "86"]
[EventDate "2012.06.14"]
[EventType "swiss"]
[EventRounds "7"]
[EventCountry "VEN"]
[SourceTitle "EXT 2022"]
[Source "ChessBase"]
[SourceDate "2021.10.06"]
[SourceVersion "1"]
[SourceVersionDate "2021.10.06"]
[SourceQuality "1"]

1. e4 e5 2. Nf3 Nc6 3. Bc4 Nf6 4. d3 Be7 5. a3 d5 6. exd5 Nxd5 7. 0-0 Bg4 8. h3 Bh5 9. Re1 0-0 10. Nbd2 Nf4 11. Nf1 Nd4 12. N1h2 b5 13. Ba2 Nxf3+ 14. Nxf3 Bf6 15. Kh2 Qd7 16. Be3 Rad8 17. Rg1 Nxh3 18. gxh3 Qf5 19. Rg3 e4 20. Qg1 exf3 21. Bg5 Bxb2 22. Bxd8 Rxd8 23. Re1 Be5 24. Re4 Rd4 25. Qe1 Rxe4 26. Qxe4 Qxe4 27. dxe4 c6 28. c4 Bg6 29. cxb5 Bxe4 30. bxc6 Bxc6 31. Kg1 Bxg3 32. fxg3 Kf8 33. Kf2 Ke7 34. Bb3 f5 35. Bd1 Kf6 36. Bxf3 Bxf3 37. Kxf3 g5 38. a4 Ke5 39. Ke3 h5 40. a5 f4+ 41. Kf3 fxg3 42. Kxg3 a6 43. Kf3 Kd4 0-1